|
|
|
|
| LEADER |
00000ny a22000003n 4500 |
| 005 |
2011051203313.0 |
| 008 |
100322d19uu9999us fr p 0 a0eng d |
| 022 |
|
|
|a 0077-8141
|
| 035 |
|
|
|a 3139
|
| 040 |
|
|
|a NLC
|c NLC
|d vLex
|
| 090 |
|
|
|c 1727
|d 1727
|
| 245 |
3 |
0 |
|a University of New Brunswick Law School journal
|h [Recurso electrn̤ico]
|
| 256 |
|
|
|a Servicio en ln̕ea
|
| 260 |
|
|
|a Saint John, N.B.,
|b University of New Brunswick Law Students' Society
|
| 506 |
1 |
|
|a Contenido solo disponible en los productos indicados
|d vLex Global
|d vLex Global (Academic Edition, excluding Law Schools)
|d vLex Global (Academic Edition, Law Schools)
|
| 650 |
0 |
4 |
|a Derecho
|z Canad ̀
|x Publicaciones perid̤icas
|
| 710 |
2 |
0 |
|a University of New Brunswick.
|b Faculty of Law
|
| 710 |
2 |
0 |
|a University of New Brunswick.
|b Law Students' Society
|
| 740 |
0 |
|
|a vLex Revista (Servicios en ln̕ea)
|
| 843 |
|
|
|a Electrn̤ica. Abierta
|
| 853 |
|
|
|8 1
|i (year)
|j (month)
|k (day)
|
| 856 |
4 |
0 |
|z Acceso restringido
|u http://vlex.com/account/login_ip?fuente_id=3139
|
| 942 |
|
|
|c REV
|
| 999 |
|
|
|a Law, government and politics e-journals.
|
| 999 |
|
|
|a Law reviews
|z New Brunswick.
|